000 00676nam a22002177a 4500
003 UA-OsUOA
001 78480
007 ta
008 20111013b un ||||| |||| 00| 0 ukr d
100 _aРудич Ф.
090 _a32
_bР83
942 _cSA
040 _aUA-OsUOA
_bukr
_cUA-OsUOA
_dUA-OsUOA
245 _aПолітичний режим і народовладдя: методологічний контекст ІІ. Політичний режим в Україні: тенденції формування
300 _aС.21-26
955 _a0
041 _aukr
080 _a32
773 0 _w78469
_tВіче
_dК.
_d2011
_g18
650 7 _a32 Політика
_2UDC
999 _c364792
_d364792